Youngest Premier League Players with 50 Goals - Statistics

General Stats
  • This quiz has been taken 713 times
  • The average score is 11 of 27
Answer Stats
Age Player % Correct
21y 54d Wayne Rooney
87%
20y 255d Michael Owen
75%
24y 27d Alan Shearer
72%
23y 44d Harry Kane
72%
22y 340d Cristiano Ronaldo
70%
25y 240d Sergio Agüero
62%
24y 127d Thierry Henry
62%
23y 140d Andy Cole
60%
23y 254d Raheem Sterling
54%
23y 56d Marcus Rashford
53%
20y 251d Robbie Fowler
50%
25y 270d Dwight Yorke
48%
24y 49d Jermain Defoe
45%
22y 192d Romelu Lukaku
35%
24y 301d Nicolas Anelka
34%
23y 228d Robbie Keane
32%
25y 78d Darren Bent
29%
24y 153d Anthony Martial
26%
23y 101d Emile Heskey
25%
24y 52d Gabriel Jesus
24%
23y 188d Chris Sutton
22%
23y 331d Dele Alli
19%
25y 198d Emmanuel Adebayor
15%
24y 310d Gabriel Agbonlahor
10%
25y 68d Harry Kewell
7%
24y 39d Yakubu Ayegbeni
7%
25y 50d James Beattie
6%
No matching quizzes found
Score Distribution
Percent of People with Each Score
Percentile by Number Answered
Your Score History
You have not taken this quiz